000 01125nam a2200217Ia 4500
003 Ost
005 20260507075309.0
008 260507s9999||||xx |||||||||||||| ||und||
020 _a1064422977
040 _cfsecg
041 _aara
082 _a330
100 _aاسماعيل بلال، محمد
_eمؤلف
245 0 _aإدارة الانتاج و العمليات :
_bمدخل كمي /
_c محمد اسماعيل بلال
260 _aالاسكندرية:
_bدار الجامعة الجديدة,
_c2008
300 _a320 صفحة؛
_bإيضاحات ؛
_c24 سم
520 _aمفاهيم أساسية في طبيعة ‘دارة الانتاج و العمليات ، تخطيط النشاط الانتاجي و التنبؤ بالطلب و اختيار موقع المشروع ، العوامل المؤثرة في تنظيم النشاط الانتاجي و تصميم الخط الانتاجي و أخيرا تناول موضوع الجدولة مع وجود تمارين متنوعة و أخرى محلولة .
653 _aالادارة
653 _aالانتاج ــ ادارة
942 _cكتاب
999 _c43841
_d43841